| 000 | 00900nam a2200265 a 4500 | ||
|---|---|---|---|
| 001 | 65412 | ||
| 003 | BD-RjUL | ||
| 005 | 20211209081425.0 | ||
| 008 | 170306s1990 bg |||| |||| 000 0 ben d | ||
| 020 | _a81-7074-064-9 | ||
| 035 | _a(BD-RjUL)65542 | ||
| 040 |
_aBD-RjUL _beng _cBD-RjUL |
||
| 041 | _aeng | ||
| 082 |
_223 _a954.025 _bMAD 1990 |
||
| 245 | 1 | 0 |
_aমধ্যকালীন ভারত / _cসম্পাদক ইরফান হাবিব. |
| 260 |
_aকলকাতা : _bকে পি বাগচি এন্ড কোং, _c১৯৯০. |
||
| 300 |
_aপ্রথম খন্ড. _c২২ সে. মি. |
||
| 505 | _aপ্রথম খন্ড | ||
| 650 | _2 | ||
| 651 |
_aIndia _vHistory _y1526-1765. _9193589 |
||
| 651 |
_aIndia _vHistory. _9188918 |
||
| 651 |
_a India. _9172809 |
||
| 700 |
_aহাবিব, ইরফান. _9176779 |
||
| 942 |
_2ddc _cBK |
||
| 999 |
_c65412 _d65412 |
||